Five are together again

Bibliographic Details
Main Author: Blyton, Enid
Format: Book
Published: London : Award Publications , 1992
Series:The famous five
Subjects:

MARC

LEADER 00000cam a2200000 7i4500
001 0000003476
002 000003746
005 20000330.0
020 |a 0861635590 
090 0 0 |a JF   |b BLY 
100 1 |a Blyton, Enid 
245 1 0 |a Five are together again   |c Enid Blyton 
260 |a London :   |b Award Publications ,   |c 1992 
300 |a 15p. ;   |c 19cm. 
490 0 |a The famous five 
650 0 0 |a Adventure stories 
999 |a 031275   |b BUKU   |c PINJAMAN   |e PERPUSTAKAAN KOMUNITI PETALING JAYA 
999 |a 031276   |b BUKU   |c PINJAMAN   |e PERPUSTAKAAN KOMUNITI PETALING JAYA 
999 |a 041265   |b BUKU   |c PINJAMAN   |e PERPUSTAKAAN KOMUNITI PETALING JAYA 
999 |a 041266   |b BUKU   |c PINJAMAN   |e PERPUSTAKAAN KOMUNITI PETALING JAYA